Central Library OPAC University of Rajshahi

বাংলাদেশের বই (Record no. 44872)

MARC details
000 -LEADER
fixed length control field 00881nam a2200241 a 4500
001 - CONTROL NUMBER
control field 44872
003 - CONTROL NUMBER IDENTIFIER
rucl marc code BD-RjUL
005 - DATE AND TIME OF LATEST TRANSACTION
control field 20211209053929.0
008 - FIXED-LENGTH DATA ELEMENTS--GENERAL INFORMATION
fixed length control field 160720s1975 bg ||||| |||| 00| | en d
020 ## - INTERNATIONAL STANDARD BOOK NUMBER
Terms of availability : Tk. 4.00
035 ## - SYSTEM CONTROL NUMBER
System control number (BD-RjUL)44990
040 ## - CATALOGING SOURCE
Original cataloging agency BD-RjUL
Language of cataloging ben
Transcribing agency BD-RjUL
Modifying agency BD-RjUL
041 ## - LANGUAGE CODE
Language code of text/sound track or separate title ben
082 ## - DEWEY DECIMAL CLASSIFICATION NUMBER
Edition number 23
Classification number 015.5492
Author mark and year BAN 1975
110 ## - MAIN ENTRY--CORPORATE NAME
Corporate name or jurisdiction name as entry element জাতীয় গ্রন্থকেন্দ্র
9 (RLIN) 137503
245 ## - TITLE STATEMENT
Title বাংলাদেশের বই
260 ## - PUBLICATION, DISTRIBUTION, ETC. (IMPRINT)
Place of publication, distribution, etc. ঢাকা :
Name of publisher, distributor, etc. জাতীয় গ্রন্থকেন্দ্র,
Date of publication, distribution, etc. ১৩৮২
300 ## - PHYSICAL DESCRIPTION
Pagination ১২৩ পৃ.
Size ২০ সেমি.
650 ## - SUBJECT ADDED ENTRY--TOPICAL TERM
Topical term or geographic name as entry element গ্রন্থপঞ্জী
Geographic subdivision বাংলাদেশ
9 (RLIN) 137504
Topical term or geographic name as entry element Bibliography
Geographic subdivision Bangladesh
9 (RLIN) 137505
710 ## - ADDED ENTRY--CORPORATE NAME
Corporate name or jurisdiction name as entry element জাতীয় গ্রন্থকেন্দ্র
9 (RLIN) 137506
942 ## - ADDED ENTRY ELEMENTS (KOHA)
Source of classification or shelving scheme Dewey Decimal Classification
Koha item type Books
Holdings
Lost status Source of classification or shelving scheme Damaged status Not for loan Collection code Permanent Location Current Location Shelving location Date acquired Source of acquisition Cost, normal purchase price Total Checkouts Full call number Date last seen Copy number Koha item type
  Dewey Decimal Classification     Non-fiction Central Library, University of Rajshahi Central Library, University of Rajshahi   28/10/1985 Dhaka Oriental Book House 4.00   B 015.5492 BAN 1975 20/07/2016 C-2 Books